Central Library OPAC University of Rajshahi

The glad tidings of Baháʼu'lláh : (Record no. 33017)

MARC details
000 -LEADER
fixed length control field 00896nam a22002772i 4500
001 - CONTROL NUMBER
control field 33017
003 - CONTROL NUMBER IDENTIFIER
rucl marc code BD-RjUL
005 - DATE AND TIME OF LATEST TRANSACTION
control field 20211209051931.0
008 - FIXED-LENGTH DATA ELEMENTS--GENERAL INFORMATION
fixed length control field 140429s1949 enk b 000 0 eng d
020 ## - INTERNATIONAL STANDARD BOOK NUMBER
International Standard Book Number 0853980462
International Standard Book Number 0853980454 (pbk.)
035 ## - SYSTEM CONTROL NUMBER
System control number (BD-RjUL)33107
040 ## - CATALOGING SOURCE
Original cataloging agency DLC
Transcribing agency DLC
Modifying agency EQO
-- BD-RjUL
Language of cataloging eng
041 1# - LANGUAGE CODE
Language code of text/sound track or separate title engara
082 ## - DEWEY DECIMAL CLASSIFICATION NUMBER
Classification number 297.8982
Author mark and year BAG 1949
100 0# - MAIN ENTRY--PERSONAL NAME
Personal name Baháʼuʼlláh,
Dates associated with a name 1817-1892.
9 (RLIN) 100342
245 14 - TITLE STATEMENT
Title The glad tidings of Baháʼu'lláh :
Remainder of title being extracts from the sacred writings of the Bahá'ís /
Statement of responsibility, etc. [translated from the Arabic] ; with introduction and notes by George Townshend
260 ## - PUBLICATION, DISTRIBUTION, ETC. (IMPRINT)
Place of publication, distribution, etc. London :
Name of publisher, distributor, etc. John Murry, Albemarle street,
Date of publication, distribution, etc. 1949.
300 ## - PHYSICAL DESCRIPTION
Pagination 111 p. ;
Size 17 cm
504 ## - BIBLIOGRAPHY, ETC. NOTE
Bibliography, etc Bibliography: p. 111-112
650 #0 - SUBJECT ADDED ENTRY--TOPICAL TERM
Topical term or geographic name as entry element Bahai Faith
9 (RLIN) 100343
942 ## - ADDED ENTRY ELEMENTS (KOHA)
Source of classification or shelving scheme Dewey Decimal Classification
Koha item type Books
Holdings
Lost status Source of classification or shelving scheme Damaged status Not for loan Collection code Permanent Location Current Location Shelving location Date acquired Source of acquisition Cost, normal purchase price Total Checkouts Full call number Date last seen Copy number Koha item type
  Dewey Decimal Classification   Not For Loan Non-fiction Central Library, University of Rajshahi Central Library, University of Rajshahi Reading Room 18/01/1958 Simpkim man. 0.00   297.8982 BAG 1949 29/04/2014 C-1 Books